Problems of parliamentary reform in Britain (Record no. 522692)

000 -LEADER
fixed length control field 00497nam a22001457a 4500
008 - FIXED-LENGTH DATA ELEMENTS--GENERAL INFORMATION
fixed length control field 230504b ||||| |||| 00| 0 eng d
100 ## - MAIN ENTRY--PERSONAL NAME
Personal name Freeman, John
245 ## - TITLE STATEMENT
Title Problems of parliamentary reform in Britain
260 ## - PUBLICATION, DISTRIBUTION, ETC. (IMPRINT)
Place of publication, distribution, etc Journal of Constitutional and Parliamentary Studies
300 ## - PHYSICAL DESCRIPTION
Extent 53(1-4), Jan-Dec, 2019: p.1-16
650 ## - SUBJECT ADDED ENTRY--TOPICAL TERM
Topical term or geographic name as entry element Parliamentary reforms, Britain
9 (RLIN) 40584
773 ## - HOST ITEM ENTRY
Main entry heading Journal of Constitutional and Parliamentary Studies
906 ## - LOCAL DATA ELEMENT F, LDF (RLIN)
Subject DIP PARLIAMENT
942 ## - ADDED ENTRY ELEMENTS (KOHA)
Item type Articles
Holdings
Withdrawn status Lost status Source of classification or shelving scheme Damaged status Not for loan Permanent location Current location Date acquired Serial Enumeration / chronology Barcode Date last seen Koha item type
          Indian Institute of Public Administration Indian Institute of Public Administration 2023-05-04 53(1-4), Jan-Dec, 2019: p.1-16 AR128791 2023-05-04 Articles

Powered by Koha